Oceňovanie produkčných funkcií lesov v oblasti Východoslovenských štátnych lesov Košice

Bibliographic Details
Main Author: Linderová, Rastislava (Author)
Format: Article
Language:Slovak
PhysicalDescription:Obr. 1. Tb. 3. Res. rus., angl., nem., lit. 11 zázn. v slov., češ., ruš., nem.
Subjects:

MARC

LEADER 00000nab a2200000 a 4500
001 vtls000308391
003 SK-MaSNL
005 20260304081444.0
008 250424c1988 xo 0 slo
015 |a SNBRB19rr/mm-uuuuu 
035 |a CL0318512 
035 |a urn:nbn:sk:snk-ab7q4 
035 |a (urnnbn)urn:nbn:sk:snk:ar-005ba1 
035 |a (uuid)3177ef1c-f4c0-4ff0-a8aa-9c1caa176a8c 
040 |a SNKBUCL  |b slo  |c SNKBUCL  |e AACR2 
041 0 |a slo 
044 |a xo  |c SK 
080 |a 630 5:338.532.42  |2 1981 
080 |a 338.532.42  |2 1981 
100 1 |a Linderová, Rastislava  |4 aut  |9 280301 
245 1 0 |a Oceňovanie produkčných funkcií lesov v oblasti Východoslovenských štátnych lesov Košice  |c Rastislava Linderová 
300 |b Obr. 1. Tb. 3. Res. rus., angl., nem., lit. 11 zázn. v slov., češ., ruš., nem. 
610 2 7 |a Východoslovenské štátne lesy (Košice, Slovensko)  |2 snkbucl  |9 29878 
650 0 7 |a lesy  |2 snkbucl  |9 1437 
655 7 |a články z novín a časopisov  |2 snkbucl  |9 267496 
773 0 |t Lesnícky časopis  |g Roč. 34, č. 1 (1988), s. 17-28 
850 |a Slovenská národná knižnica 
852 |a Slovenská národná knižnica 
954 |a odborná, vedecká literatúra pôvodná (slovenská)  |2 lita 
957 |a 5403 
958 |a article2022 
958 |a OND 
958 |a NB 
958 |a RK 
958 |a EUIPO 
992 |a RBX 
999 |c 2790892  |d 2792822